ធរណីវិទ្យាទូទៅ Pedologie general (Record no. 9031)
[ view plain ]
| 000 -LEADER | |
|---|---|
| fixed length control field | 00346nam a22001217a 4500 |
| 040 ## - CATALOGING SOURCE | |
| Transcribing agency | HS |
| 082 ## - DEWEY DECIMAL CLASSIFICATION NUMBER | |
| Classification number | 590 |
| 100 ## - MAIN ENTRY--AUTHOR NAME | |
| Personal name | ត្រាន ថាន់កាញ់ |
| 245 ## - TITLE STATEMENT | |
| Title | ធរណីវិទ្យាទូទៅ Pedologie general |
| 260 ## - PUBLICATION, DISTRIBUTION, ETC. (IMPRINT) | |
| Place of publication | ភំពេញ |
| Name of publisher | ក្រសួងកសិកម្ម |
| Year of publication | 1992 |
| 300 ## - PHYSICAL DESCRIPTION | |
| Number of Pages | 145p; |
| 942 ## - ADDED ENTRY ELEMENTS (KOHA) | |
| Koha item type | សៀវភៅភាសាខ្មែរ |
| 952 ## - LOCATION AND ITEM INFORMATION (KOHA) | |
| Withdrawn status [LOCAL, KOHA] | 0 |
| Permanent Location | Date acquired | Koha item type | Lost status | Shelving location | Barcode | Current Location | Full call number |
|---|---|---|---|---|---|---|---|
| Library Block B | 2016-08-23 | សៀវភៅភាសាខ្មែរ | C174 | RUA045526 | Library Block B | 590 ត្រាន 1992 C174 |